000 00628nam a2200217Ia 4500
003 OSt
005 20230516115708.0
008 210423s2014 xx 000 0 und d
020 _a978-81-8128-088-6
040 _cAL
041 _aeng
082 _a660.60581 HAMP
100 _aHAMMOND (J);McGARVEY (P);YUSIBOV (V) Eds
_9105165
245 _aPlant biotechnology: new products and applications
260 _aNew Delhi
_bSpringer Verlag
_c2014
300 _aviii,196
_bPB
365 _b695
_cINR
650 _aBiotechnology
_9105166
906 _aapplications ; biotechnology: ; new ; Plant ; products
942 _2ddc
_cBK
999 _c166334
_d166334